La symbolique, ou, Exposition des contrariétés dogmatiques entre les catholiques et les protestants, d'après leurs confessions de foi publiques

Detalles Bibliográficos
Autor principal: Moehler, Johann Adam
Otros Autores: Lachat, F. (tr.)
Formato: Libro
Lenguaje:French
Publicado: Bruxelles 1838
Materias:
Colección:Banco de datos
Acervo:Biblioteca de la Congregación del Oratorio de San Felipe Neri de México. Iglesia La Profesa
Descripción Física:2 t. 22 cm.
Tema general:Apologética
Notas:Encuadernación en cartón con lomo en piel. Sello en tinta del Oratorio de San Felipe Neri de México. Biblioteca La Profesa, D.F. Daños en la encuadernación
LEADER 01137nam a22002050004500
035 |a 2491 
041 0 |a fre 
100 1 |a Moehler, Johann Adam 
245 1 0 |a La symbolique, ou, Exposition des contrariétés dogmatiques entre les catholiques et les protestants, d'après leurs confessions de foi publiques  |c par J. A. Moehler, professeur a la Faculté de Théologie de Munich ; traduit de l'állemand sur la 4e. édition, par F. Lachat  
260 |a Bruxelles  |b publié par la Société Nationale  |c 1838 
300 |a 2 t.  |c 22 cm. 
500 |a Encuadernación en cartón con lomo en piel. Sello en tinta del Oratorio de San Felipe Neri de México. Biblioteca La Profesa, D.F. Daños en la encuadernación  
504 |a Índice de materias 
650 1 0 |a Apologética 
700 1 |a Lachat, F.  |e tr. 
740 0 |a Exposition des contrariétés dogmatiques entre les catholiques et les protestants, d'après leurs confessions de foi publiques 
949 |a Iglesia La Profesa, Biblioteca t. 2 (4705) 
942 |c PROFESA 
943 |g Biblioteca de la Congregación del Oratorio de San Felipe Neri de México. Iglesia La Profesa 
999 |c 949302  |d 949302